000 01362 a2200241 4500
001 49818
005 20260407155759.0
008 260407a1998 arg spa d
003 AR-UNSa-BCEJYS
040 _aAR-UNSa-BCEJYS
_bspa
_cAR-UNSa-BCEJYS
080 _a658.16
_xReorganización financiera (Proyectos de inversión)
245 1 0 _aFinanciamiento de proyectos
_ptécnicas modernas de ingeniería económica
020 _a970-17-0060-0
264 1 _aMéxico :
_bPrentice-Hall Hispanoamericana
_c1998
300 _axvi, 382 p.
_c23 cm.
505 _a1. Introducción - 2. Justificación del financiamiento de proyectos - 3. Análisis de la viabilidad de proyectos - 4. Acuerdos de seguridad - 5. Estructura legal - 6. Preparación del plan de financiamiento - 7. Análisis del flujo de efectivo descontado - 8. Modelo financiero y evaluación de proyectos - 9. Fuentes de fondos - 10. Cuestiones a considerar por el gobierno anfitrión - 11. El proyecto de cogeneración de Indiantown - 12. El proyecto de carreteras de cuota Tribasa - 13. Proyecto de Euro Disneyland - 14. Proyecto Eurotúnel.
041 _aspa
942 _cBK
590 _aniveau_biblio:m niveau_hierar:0
100 1 _aFinnerty, John D.
700 1 _aNavarro Salas, Rodolfo
856 4 1 _uhttps://www.biblioeco.unsa.edu.ar/pmb/images/libros/L128193.jpg
_yImagen de portada
_qimage/jpeg
999 _c4889
_d4889